| 000 | 00797nam a2200229Ia 4500 | ||
|---|---|---|---|
| 999 |
_c36146 _d36146 |
||
| 001 | 2048 | ||
| 003 | GE_BSU | ||
| 005 | 20190422203035.0 | ||
| 008 | 181216s2005||||ru |||||||||||||| ||rus|| | ||
| 020 | _a5958400630 | ||
| 040 | _cGE_BSU | ||
| 041 | _arus | ||
| 080 | _a342.5(075.8) | ||
| 100 |
_aКоврякова, Е.В. _9364 |
||
| 245 | _aПарламентский контроль: Зарубежный контроль:Зарубежный опыт и Российская практика / | ||
| 264 |
_aМосква : _bГородец, _c2005. |
||
| 300 |
_a192стр. ; _b20см. |
||
| 653 | _aსამართალი | ||
| 653 | _aრუსული პარლამენტი | ||
| 653 | _aსაპარლამენტო კონტროლი | ||
| 942 |
_cBK _2udc |
||